000 03043cad a22002175a 4500
008 240402t2024 xxk f 001 0 eng d
041 0 _aeng
110 _aInternational Valuation Standards Committee
245 0 0 _aESG in the Valuation Process:
_ba survey
_h[Online publication]
260 _aLondon,
_bInternational Valuation Standards Council,
_cMarch 2024
505 2 _aIn 2022 the IVSC set up an ESG working group comprising representatives of the IVSC Standards Review Boards, stakeholders, and external specialists to further discuss market needs. As part of this process, the ESG working group felt that it was important to carry out a regular survey of valuers and other stakeholders to understand where they are in their journey towards the quantification of ESG components within their valuations. Gathering data via a survey This is particularly important as the role of standard setters is not to lead the market but to develop standards to meet market needs. The latest survey relates to all types of valuations including valuations for financial reporting, market capitalisations, secured lending and tax reporting purposes and will only take approximately 5 to 10 minutes to complete. The survey will run between the 28th March 2024 and the 31st May 2024. Once the survey has been completed, the IVSC will compile the results and publish a report. The report will provide insights on the present stage of ESG in valuations and what valuers are presently seeing in their markets.
520 _aIn 2022 the IVSC set up an ESG working group comprising representatives of the IVSC Standards Review Boards, stakeholders, and external specialists to further discuss market needs. As part of this process, the ESG working group felt that it was important to carry out a regular survey of valuers and other stakeholders to understand where they are in their journey towards the quantification of ESG components within their valuations. Gathering data via a survey This is particularly important as the role of standard setters is not to lead the market but to develop standards to meet market needs. The latest survey relates to all types of valuations including valuations for financial reporting, market capitalisations, secured lending and tax reporting purposes and will only take approximately 5 to 10 minutes to complete. The survey will run between the 28th March 2024 and the 31st May 2024. Once the survey has been completed, the IVSC will compile the results and publish a report. The report will provide insights on the present stage of ESG in valuations and what valuers are presently seeing in their markets.
650 2 4 _aINTERNATIONAL VALUATION STANDARDS
650 2 4 _aVALUATION
651 4 _aInternational
690 _aValuation
_96273
710 2 _aInternational Valuation Standards Council
710 _aRoyal Institution of Chartered Surveyors
856 4 0 _uhttps://www.ivsc.org/beyond-numbers-incorporating-esg-into-international-valuation-standards/
_zIVSC survey
942 _n0
999 _c121874
_d121874